000 01574aam a2200517 i 4500
999 _c46261
_d46261
001 19904
003 CO-MdFUSB
005 20180803123530.0
008 180727t1987 dk ||||g |||| 00| 0 eng d
020 _a87-7288-114-3
040 _aCO-MdFUSB
_bspa
_cCO-MdFUSB
_dCO-MdFUSB
_erda
041 _aeng
082 _224
_aG 261.55
_bEV93ev
100 1 _aAnderson, Svend., (Editor)
245 1 0 _aEvolution and creation
_b: A European perspective
_c/ Editado por Svend Anderson, Arthur Peacocke
260 _a
264 1 _aAarhus, Denmark :
_bAarhus University Press,
_c℗[1987]
264 4 _c©1987
300 _a215 páginas
_c; 23 cm
336 _2rdacontent
_atexto
_btxt
337 _2rdamedia
_asin mediación
_bn
338 _2rdacarrier
_avolumen
_bnc
501 _aIncluye índice (páginas 213-215)
505 0 _aHistoria -- Biología -- Filosofía -- Teología -- Retrospectiva y perspectiva
563 _aPasta dura
650 7 _9259
_aReligión y ciencia
720 _aAndersen, Svend
720 _aBresch, Carsten
720 _aDaecke, Sigurd
720 _aDurant, John
720 _aHefner, Philip
720 _aJürgen Hübner
720 _aKüppers, Bernd-Olaf
720 _aLipp, Wolfgang
720 _aLønning, Per
720 _aManenschijn, Gerrit
720 _aMay, Hans
720 _aMortensen, Viggo
720 _aPailin, David A.
720 _aPeacocke, Arthur
720 _aSchmitz-Moormann, Karl
720 _aSperlich, Diether
720 _aVollmer, Gerhard
942 _cBK